| 000 | 00727cab a2200253 4500 | ||
|---|---|---|---|
| 001 | WB3040-64 | ||
| 008 | 090401t1994 xxu||||| |||| 00| 0 eng d | ||
| 035 | _a(Sirsi) u75910 | ||
| 041 | _aeng | ||
| 245 | _aValuation guide | ||
| 260 | _c1994 | ||
| 350 | _a0 | ||
| 490 |
_aProperty Week _v49(4) 27 October 1994, 8(1) |
||
| 520 | _aThe need for a comprehensive book on valuation was highlighted by Michael Mallinson, speaking about the proposed merger of the RICS Red and White book. | ||
| 650 | _aASSET VALUATION | ||
| 650 | _aFUTURE | ||
| 650 | _aMICHAEL MALLINSON | ||
| 650 | _aRED & WHITE BOOK | ||
| 650 | _aREFORM | ||
| 650 | _aRICS | ||
| 690 | _aRATING AND VALUATION | ||
| 942 | _n0 | ||
| 948 | _c04/03/1997 | ||
| 999 |
_c47755 _d47755 |
||